K návrhu zmluvy medzi Slovenskou republikou a Svätou stolicou o práve uplatňovať výhrady vo svedomí z pohľadu Ústavy Slovenskej republiky
Obsah zmluvy medzi Slovenskou republikou a Svätou stolicou, ktorá bola podpísaná 21. novembra 2000 a do platnosti vstúpila 18. decembra 2000. Kritické hlasy a výhrady. Oblasti uplatnenia "výhrady vo svedomí".
Salvato in:
| Autore principale: | |
|---|---|
| Natura: | Capitolo di libro |
| Lingua: | slovacco |
| Soggetti: | |
| Tags: |
Nessun Tag, puoi essere il primo ad aggiungerne!!
|
MARC
| LEADER | 00000naa$a2200000$$$4500 | ||
|---|---|---|---|
| 001 | 0053855 | ||
| 005 | 20240502071625.6 | ||
| 041 | 0 | |a slo | |
| 044 | |a SK | ||
| 245 | 1 | 0 | |a K návrhu zmluvy medzi Slovenskou republikou a Svätou stolicou o práve uplatňovať výhrady vo svedomí z pohľadu Ústavy Slovenskej republiky |c Emília Vokálová |
| 520 | |a Obsah zmluvy medzi Slovenskou republikou a Svätou stolicou, ktorá bola podpísaná 21. novembra 2000 a do platnosti vstúpila 18. decembra 2000. Kritické hlasy a výhrady. Oblasti uplatnenia "výhrady vo svedomí". | ||
| 610 | 2 | 0 | |a Slovensko |
| 610 | 2 | 0 | |a zmluvy medzinárodné |
| 610 | 2 | 0 | |a cirkev |
| 610 | 2 | 0 | |a Vatikán |
| 610 | 2 | 0 | |a etika |
| 610 | 2 | 0 | |a morálka |
| 100 | 1 | |a Vokálová, Emília | |